| 000 -LEADER |
| fixed length control field |
00898nam a22001577a 4500 |
| 020 ## - INTERNATIONAL STANDARD BOOK NUMBER |
| ISBN |
9781108845120 |
| 082 ## - DEWEY DECIMAL CLASSIFICATION NUMBER |
| Classification number |
420.9 |
| Item number |
T78 2023 |
| 100 ## - MAIN ENTRY--AUTHOR NAME |
| Personal name |
Trudgill, Peter, author. |
| 245 ## - TITLE STATEMENT |
| Title |
The long journey of English : a geographical history of the language / Peter Trudgill. |
| 260 ## - PUBLICATION, DISTRIBUTION, ETC. (IMPRINT) |
| Place of publication |
Cambridge, United Kingdom, UK : |
| Name of publisher |
Cambridge University Press, |
| Year of publication |
c2023. |
| 300 ## - PHYSICAL DESCRIPTION |
| Number of Pages |
1 online resource, ix, 191 pages : |
| Other physical details |
illustrations. |
| 500 ## - GENERAL NOTE |
| General note |
Includes bibliographical references and index. |
| 520 ## - SUMMARY, ETC. |
| Summary, etc |
"Written by one of the foremost authorities on the English language, this book offers a fascinating look at the history of English, focusing on its early development and subsequent spread around the world. Engaging and accessible, it is ideal reading for anyone interested in the history of the English Language"-- Provided by publisher. |
| 650 ## - SUBJECT ADDED ENTRY--TOPICAL TERM |
| Topical Term |
English Language -- History. |
| 942 ## - ADDED ENTRY ELEMENTS (KOHA) |
| Koha item type |
Electronic Books |